Coupe du Monde 1934, un joueur, un pays - Statistiques

Statistiques générales
  • Ce quiz a été pris 29 fois
  • Le résultat moyen est 10 sur 16
Statistiques - réponses
Réponse % Correct
Italie
100%
Pays-Bas
89%
Suède
89%
France
74%
Belgique
70%
Egypte
63%
Roumanie
63%
Argentine
59%
Brésil
59%
Espagne
59%
Autriche
56%
Tchécoslovaquie
48%
Suisse
44%
Allemagne
41%
Hongrie
41%
Etats-Unis
33%
Aucun quiz correspondant
Distribution des résultats
% des personnes avec chaque résultat
Percentile par nombre de réponses
Votre historique - résultats
Vous n’avez pas pris ce quiz